00416nam a2200121Ia 4500008004100000100002300041245005600064245003200120260000900152856004100161999001900202952007300221160531s9999 xx 000 0 und d aLucarini, Valerio. aMathematical and Physical Ideas for Climate Science cby Valerio Lucarini, et al. c2013 uhttp://arxiv.org/pdf/1311.1190v3.pdf c295075d295075 001040aCLbCLd2016-05-31l0r2016-05-31 00:00:00w2016-05-31yCBE